O caminho menos percorrido (Registo nº 16573)
[ vista simples ]
| 000 -Etiqueta do registo | |
|---|---|
| Valores | 00568nam a22001931i 4500 |
| 090 ## - | |
| -- | 16573 |
| 010 ## - Número ISBN | |
| ISBN | 9789728541002 |
| 100 ## - Dados gerais de processamento | |
| Dados gerais | 20170304u u u0frey50 ba |
| 101 0# - Língua de publicação | |
| -- | por |
| 200 1# - Titulo e menção de responsabilidade | |
| Primeira menção de responsabilidade | M. Scott Peck |
| Título próprio | O caminho menos percorrido |
| 215 ## - Descrição física | |
| Paginação / Volumes | 347, [3] p. |
| Dimensões | 21 cm |
| 210 ## - Publicação | |
| Nome do editor | Sinais de Fogo |
| Local de publicação | Cascais |
| Data de publicação | 2005 |
| 225 2# - Colecção | |
| Título próprio da colecção | Outro olhar |
| 410 #0 - | |
| -- | Outro olhar |
| 702 #1 - Autor secundário (pessoa individual) | |
| Apelido | Cardoso |
| Nome | Maria Isabel |
| -- | 730 |
| 700 #1 - Autor principal (pessoa individual) | |
| Apelido | Peck |
| Nome | M. Scott |
| -- | 070 |
| 996 ## - ISO2709 | |
| -- | 0021025 |
| -- | PEC |
| -- | 00000000 |
| -- | 00000000 |
| -- | BMVAAL |
| -- | 3 |
| -- | Alcáçovas |
| -- | Psicologia |
| -- | 25 |
| -- | Livro |
| -- | 0 |
| -- | 1 |
| 990 ## - Elementos KOHA | |
| Tipo de documento | Livro |
| Situação do levantamento | Estado | Biblioteca de origem | Biblioteca de empréstimo | Código de barras | Cota | Permissão de empréstimo | Tipo de documento |
|---|---|---|---|---|---|---|---|
| Completo | Biblioteca Municipal de Viana Do Alentejo | Biblioteca Municipal de Viana Do Alentejo Pólo Alcáçovas | 0022203 | 159.9 PEC | Disponível | Livro |